Estatísticas para De onde vem esse personagem?

Clique aqui para jogar o quiz

Estatísticas Gerais

  • Esse quiz foi jogado 124 vezes
  • A pontuação média é 23 de 40

Estatísticas das Respostas

QuestãoResposta% Correto
CascãoTurma da Mônica
97%
LuigiSuper Mario
96%
OlafFrozen
92%
SteveMinecraft
89%
ArielA Pequena Sereia
85%
CoringaDC
85%
GokuDragon Ball
85%
RaposoDora Aventureira
84%
Conserta Félix JuniorDetona Ralph
73%
Rei GeladoHora de Aventura
73%
MeridaValente
73%
Larry LgostaBob Esponja
72%
AstridComo Treinar Seu Dragão
72%
Ender DragonMinecraft
72%
Star ButterflyStar VS As Força do Mal
72%
Wanda MaximoffMarvel
71%
DoloresEncanto
69%
SansUndertale
62%
EvaWall-E
61%
EndermiteMinecraft
56%
BonnieFive Nights At Freddys
54%
Badtz-MaruSanrio / Hello Kitty
54%
Owen GradyJurassic World / Jurassic Park
53%
Sal FisherSally Face
52%
Huggy WuggyPoppy Playtime
49%
WoodstockSnoopy e Charlie Brown
49%
Gato de CheshireAlice no País das Maravilhas
43%
BunnyPiggy
41%
KrobusStardew Valley
40%
BierceDark Decption
39%
Apple WhiteEver After High
39%
EmmetLego / Lego Movie
31%
Espinela / SpinelSteven Universo
31%
JJFive Nights At Freddy's
29%
Gold WatcherDark Deception
28%
AnkhaAnimal Crossing
27%
EnnardFive Nights At Freddy's
26%
Tom NookAnimal Crossing
25%
Connie MaheswaranSteven Universo
25%
RougeSonic
19%

Distribuição das Pontuações

Percentil de Números Respondidos

Porcentagem de Pessoas com Cada Pontuação

Sua Pontuação Histórica

Você não jogou esse quiz